El gobierno de Lagos, los pueblos indígenas y el "nuevo trato" : Las paradojas de la democracia chilena /

El presente trabajo consta de diversos artículos que dan cuenta de las distintas facetas de la contradictoria política del gobierno del Presidente Ricardo Lagos hacia los pueblos indígenas. En estos artículos se analiza, entre otros temas, la política de criminalización del movimiento mapuche impuls...

Full description

Bibliographic Details
Main Author: Yáñez, Nancy (ed.)
Other Authors: Aylwin, José (ed.)
Format: Libro
Language:Spanish
Published: Santiago, Chile LOM 2007
Edition:1a. ed.
Series:Ciencias Humanas
Subjects:
Online Access:

MARC

LEADER 00000cam a2200000 a 4500
001 007994
003 UAHC_CL
005 20170803120416.0
008 070418b2007 cl 000 spa
020 |a 9789562828796 
040 |a UAHC_CL  |c UAHC_CL  |d UAHC_CL 
100 1 |a Yáñez, Nancy  |e ed. 
245 1 3 |a El gobierno de Lagos, los pueblos indígenas y el "nuevo trato" :  |b Las paradojas de la democracia chilena /  |c Nancy Yáñez y José Aylwin (editores). 
250 |a 1a. ed. 
260 |b LOM  |a Santiago, Chile  |c 2007 
300 |a 504 p. 
490 0 |a Ciencias Humanas 
520 |a El presente trabajo consta de diversos artículos que dan cuenta de las distintas facetas de la contradictoria política del gobierno del Presidente Ricardo Lagos hacia los pueblos indígenas. En estos artículos se analiza, entre otros temas, la política de criminalización del movimiento mapuche impulsada bajo su administración y la preocupación que ella concitó en organismos internacionales de derechos humanos; el desencuentro que dicha política provocó entre el movimiento social mapuche y el gobierno de Lagos; el Programa Orígenes y sus implicancias para los pueblos indígenas; las reformas legislativas impulsadas durante el período en relación a los pueblos indígenas y a sus derechos; los impactos provocados por proyectos de inversión (mineros, hidroeléctricos y forestales) en territorios indígenas; las políticas promovidas por su gobierno en relación a la mujer mapuche y al pueblo rapa nui; y el discurso de Lagos en relación a los pueblos indígenas y de los medios de comunicación también en relación a ellos. 
521 |a Derechos humanos, género y multiculturalismo 
650 4 |a MAPUCHES  |x MARGINALIDAD SOCIAL  |x DERECHOS HUMANOS 
650 4 |a MAPUCHES  |x RELACIONES GUBERNAMENTALES 
650 4 |a DERECHOS DE LOS PUEBLOS INDIGENAS 
651 4 |a CHILE  |x POLITICA Y GOBIERNO  |y 2000-2006 
653 |a CIENCIAS POLITICAS 
653 |a PEDAGOGIA EN LENGUA CASTELLANA Y COMUNICACION 
658 |a Araujo, Kathya 
658 |a Campos, Luis 
658 |a Berrios, Paulina 
658 |a Gutiérrez, Claudio 
700 1 |a Aylwin, José  |e ed. 
900 |a 323.183 GOB 
942 |c BK 
952 |0 0  |1 0  |4 0  |6 323_183000000000000_GOB  |7 0  |8 General  |9 17190  |a BR  |b BR  |c General  |d 2017-08-03  |l 0  |o 323.183 GOB  |p 1358130  |r 2026-01-14 00:00:00  |t 1  |w 2017-08-03  |y BK 
952 |0 0  |1 0  |4 0  |6 323_183000000000000_GOB  |7 0  |8 General  |9 17191  |a BC  |b BC  |c General  |d 2017-08-03  |l 0  |o 323.183 GOB  |p 1377537  |r 2026-01-07 00:00:00  |t 2  |w 2017-08-03  |y BK 
952 |0 0  |1 0  |4 0  |6 323_183000000000000_GOB  |7 0  |8 General  |9 17192  |a BC  |b BC  |c General  |d 2017-08-03  |l 0  |o 323.183 GOB  |p 1377538  |r 2026-01-07 00:00:00  |t 3  |w 2017-08-03  |y BK 
999 |c 7994  |d 7994